Vice-Campeões do Campeonato Brasileiro de Futebol - Statistics

Estatísticas Gerais
  • Esse quiz foi jogado 1 603 vezes
  • A pontuação média é 61 de 63
Estatísticas das Respostas
Ano Cidade Clube % Correto
1959 Santos Santos
100%
1966 Santos Santos
100%
1983 Santos Santos
100%
1995 Santos Santos
100%
2003 Santos Santos
100%
2007 Santos Santos
100%
2016 Santos Santos
100%
2019 Santos Santos
100%
1964 Rio de Janeiro Flamengo
99%
2018 Rio de Janeiro Flamengo
99%
1982 Porto Alegre Grêmio
99%
2008 Porto Alegre Grêmio
99%
2013 Porto Alegre Grêmio
99%
1967 (Robertão) Porto Alegre Internacional
99%
1968 (Robertão) Porto Alegre Internacional
99%
1988 Porto Alegre Internacional
99%
2005 Porto Alegre Internacional
99%
2006 Porto Alegre Internacional
99%
2009 Porto Alegre Internacional
99%
1970 São Paulo Palmeiras
99%
1978 São Paulo Palmeiras
99%
1997 São Paulo Palmeiras
99%
2017 São Paulo Palmeiras
99%
1971 São Paulo São Paulo
99%
1973 São Paulo São Paulo
99%
1981 São Paulo São Paulo
99%
1989 São Paulo São Paulo
99%
1990 São Paulo São Paulo
99%
2014 São Paulo São Paulo
99%
1965 Rio de Janeiro Vasco da Gama
99%
1979 Rio de Janeiro Vasco da Gama
99%
1984 Rio de Janeiro Vasco da Gama
99%
2011 Rio de Janeiro Vasco da Gama
99%
1977 Belo Horizonte Atlético Mineiro
98%
1980 Belo Horizonte Atlético Mineiro
98%
1999 Belo Horizonte Atlético Mineiro
98%
2012 Belo Horizonte Atlético Mineiro
98%
2015 Belo Horizonte Atlético Mineiro
98%
1961 Salvador Bahia
98%
1963 Salvador Bahia
98%
1962 Rio de Janeiro Botafogo
98%
1972 Rio de Janeiro Botafogo
98%
1992 Rio de Janeiro Botafogo
98%
1969 Belo Horizonte Cruzeiro
98%
1974 Belo Horizonte Cruzeiro
98%
1975 Belo Horizonte Cruzeiro
98%
1998 Belo Horizonte Cruzeiro
98%
2010 Belo Horizonte Cruzeiro
98%
1960 Fortaleza Fortaleza
98%
1968 (Taça Brasil) Fortaleza Fortaleza
98%
1976 São Paulo Corinthians
97%
1994 São Paulo Corinthians
97%
2002 São Paulo Corinthians
97%
1991 Bragança Paulista Bragantino
94%
2004 Curitiba Athlético Paranaense
93%
2000 São Caetano do Sul São Caetano
93%
2001 São Caetano do Sul São Caetano
93%
1993 Salvador Vitória
92%
1986 Campinas Guarani
89%
1987 Campinas Guarani
89%
1985 Rio de Janeiro Bangu
84%
1967 (Taça Brasil) Recife Náutico
82%
1996 São Paulo Portuguesa
77%
Nenhum quiz correspondente encontrado
Distribuição das Pontuações
Porcentagem de Pessoas com Cada Pontuação
Percentil de Números Respondidos
Sua Pontuação Histórica
Você não jogou esse quiz